000 00404nam a2200169Ia 4500
008 200305s9999 xx 000 0 und d
020 _a978-81-7524-739-0
082 _a796.07
082 _bPAS
100 _aPATHAK MEENAKSHI
245 _aSHIKSHAN OR SHARIRIK SHIKSHAN PADHTI
250 _a5
260 _aNEW DELHI
_bKHEL SAHITYA
300 _a114
650 _aPHYSICAL EDUCATION
999 _c36456
_d36456
041 _ahin